Evaluación del terreno proyectado para establecer zona de exportación en Moín, Limón

Gorde:
Xehetasun bibliografikoak
Egile nagusia: Chavarría Camacho, Daniel
Formatua: Ezezaguna
Argitaratua: [San José, Costa Rica] 1979
Gaiak:
Etiketak: Etiketa erantsi
Etiketarik gabe, Izan zaitez lehena erregistro honi etiketa jartzen!

MARC

LEADER 00000 a2200000 4500
003 000924
005 20221231143735.0
008 140114s1979 cr a m 000 ||s d
040 |c cru CEDI 
090 |a TFG 801 
100 |a Chavarría Camacho, Daniel  |9 16322 
245 |a Evaluación del terreno proyectado para establecer zona de exportación en Moín, Limón 
260 |c 1979  |a [San José, Costa Rica] 
300 |a  123 hojas : ilustraciones ; 28 cm  
500 |a  Tesis (licenciatura en ingeniería civil)--Universidad de Costa Rica.  
650 |x MOIN (LIMON, COSTA RICA)  |9 16323 
942 |c TFG 
999 |c 11094  |d 11094